Direito administrativo / (Record no. 408)
[ view plain ]
| 000 -LÍDER | |
|---|---|
| Campo Fixo de Controle | 00824nam a2200265 a 4500 |
| 001 - NÚMERO DE CONTROLE | |
| Campo de Controle | 408 |
| 003 - IDENTIFICAÇÃO DO NÚMERO DE CONTROLE | |
| Campo de Controle | BR-CuiBMT |
| 005 - DATA E HORA DA ÚLTIMA ATUALIZAÇÃO | |
| Campo de Controle | 20231129140632.0 |
| 008 - DADOS FIXOS | |
| Dados Fixos | 230904s2009 rjb 000 0 por d |
| 020 ## - INTERNATIONAL STANDARD BOOK NUMBER | |
| Nº do ISBN | 9788537506455 |
| 040 ## - AGÊNCIA CATALOGADORA | |
| Código da Agência Catalogadora | BR-CuiBMT |
| Agência que transcreveu o registro | BR-CuiBMT |
| 080 ## - Nº DA CLASSIFICAÇÃO DECIMAL UNIVERSAL | |
| Nº Class. CDU | 35 |
| Nº edição CDU | 2007 |
| 090 ## - NÚMERO DE CHAMADA | |
| Nº classificação | 35 |
| Cutter | W699d |
| 100 1# - ENTRADA PRINCIPAL -- AUTOR PESSOAL | |
| Nome pessoal | Willeman, Flávio de Araújo |
| 245 10 - TÍTULO PRINCIPAL | |
| Título principal | Direito administrativo / |
| Indicação de responsabilidade | Flávio de Araújo Willeman, Fernando Barbalho Martins ; coordenação Milton Delgado. |
| 260 ## - PUBLICAÇÃO, DISTRIBUIÇÃO, ETC. | |
| Local de publicação | Rio de Janeiro : |
| Editora | Lumen Juris, |
| Data | 2009. |
| 300 ## - DESCRIÇÃO FÍSICA | |
| N. páginas ou volumes | 354 p. ; |
| Dimensões | 23 cm |
| 490 1# - INDICAÇÃO DE SÉRIE | |
| Título da série | Coleção tópicos de direito ; |
| Volume/designação sequencial da série | v. 6 |
| 504 ## - NOTA DE BIBLIOGRAFIA, ETC. | |
| Nota de bibliografia | Inclui bibliografia. |
| 650 ## - ASSUNTO TÓPICO | |
| Cabeçalho tópico ou nome geográfico | Direito |
| Subdivisão geral | Formação |
| 650 ## - ASSUNTO TÓPICO | |
| Cabeçalho tópico ou nome geográfico | Direito |
| Subdivisão geral | Exame da ordem |
| 700 ## - ENTRADA SECUNDÁRIA -- NOME PESSOAL | |
| Nome pessoal | Martins, Fernando Barbalho |
| 830 #0 - ENTRADA SECUNDÁRIA DE SÉRIE -- TÍTULO UNIFORME | |
| Título uniforme | Tópicos de direito ; |
| Nº do volume/designação sequencial da série | 6 |
| 942 ## - ELEMENTOS DE ENTRADA ADICIONAIS (KOHA) | |
| Fonte de classificação ou esquema de arquivamento | Classificação Decimal Universal |
| Tipo de item do Koha | Livros |
| Estado: removido | Estado: perdido | Fonte de classificação ou esquema de arquivamento | Estado: danificado | Indisponível para empréstimo | Localização permanente | Localização atual | Data de aquisição | Total Checkouts | Número de Chamada completo | Código de barras | Date last seen | Número do exemplar | Preço efetivo a partir de | Tipo de item (Koha) |
|---|---|---|---|---|---|---|---|---|---|---|---|---|---|---|
| Classificação Decimal Universal | Biblioteca da Escola Superior de Contas do TCE/MT | Biblioteca da Escola Superior de Contas do TCE/MT | 10/03/2010 | 35 W699d | BIBTCEMT23110129 | 04/11/2023 | Ex. 1 | 04/11/2023 | Livros |